| 000 | 00619nam a22001937a 4500 | ||
|---|---|---|---|
| 999 |
_c158459 _d158459 |
||
| 005 | 20181030121621.0 | ||
| 010 | _aENG-124407 | ||
| 020 |
_a9780199476510 _c695.00 |
||
| 035 | _aEN-107939 | ||
| 037 | _bDBAD/PUB | ||
| 082 | _a301.0954 | ||
| 100 | _aGupta, Dipankar | ||
| 245 |
_aQ.E.D. Indian test theory / _cby Dipankar Gupta |
||
| 260 |
_aNew Delhi _bOxford University Press _c2017 |
||
| 270 |
_bNew Delhi _e110002 _a2/11 Ground Floor, Ansari Road, Daryaganj, |
||
| 300 |
_axi,224p _c22cm.(Hb) |
||
| 500 | _aIt includes references, index and about the author | ||
| 942 |
_2ddc _cEN _h301.0954 _mGUP |
||